000 00453pab a2200169 454500
008 180718b2014 xxu||||| |||| 00| 0 eng d
100 _aSingh, Fulbag
245 _aSmall and medium enterprises' awareness regarding export credit delivery system
260 _c2014
300 _ap.63-79.
362 _aFeb
650 _aSmall enterprises
700 _aKaur, Manpreet
773 _aManagement and Labour Studies
908 _aN
909 _a105983
999 _c105978
_d105978